[Event "FIDE World Rapid Team"]
[Site "London ENG"]
[Date "2025.06.12"]
[Round "6.1"]
[White "Abdusattorov, Nodirbek"]
[Black "Gelfand, Boris"]
[Result "1-0"]
[WhiteTitle "GM"]
[BlackTitle "GM"]
[WhiteElo "2767"]
[BlackElo "2652"]
[WhiteTeam "Uzbekistan"]
[BlackTeam "Rishon LeZion Chess Club"]
[WhiteFideId "14204118"]
[BlackFideId "2805677"]
[EventDate "2025.06.11"]
[EventType "team"]

1. d4 Nf6 2. Nf3 d5 3. e3 c5 4. dxc5 e6 5. b4 b6 6. cxb6 Bxb4+ 7. c3 Be7 8. Bb5+
Nbd7 9. Bc6 Ba6 10. Bxa8 Qxa8 11. Ba3 Bxa3 12. Nxa3 Nxb6 13. c4 O-O 14. O-O dxc4
15. Nc2 Bb7 16. Ncd4 Rd8 17. Qe2 Ne4 18. a4 a5 19. Ne5 c3 20. Rfc1 Nd5 21. Qh5
Rf8 22. Qh4 Nef6 23. Nb5 Nb4 24. Nc7 Qb8 25. Rxc3 Rc8 26. Qf4 Rxc7 27. Nd7 Nxd7
28. Qxc7 Qxc7 29. Rxc7 Bc6 30. Rd1 Nf6 31. Rd8+ Be8 32. e4 e5 33. f4 1-0

[Event "FIDE World Rapid Team"]
[Site "London ENG"]
[Date "2025.06.12"]
[Round "6.2"]
[White "Rodshtein, Maxim"]
[Black "Sindarov, Javokhir"]
[Result "1/2-1/2"]
[WhiteTitle "GM"]
[BlackTitle "GM"]
[WhiteElo "2645"]
[BlackElo "2710"]
[WhiteTeam "Rishon LeZion Chess Club"]
[BlackTeam "Uzbekistan"]
[WhiteFideId "2806851"]
[BlackFideId "14205483"]
[EventDate "2025.06.11"]
[EventType "team"]

1. Nf3 Nf6 2. g3 c5 3. Bg2 g6 4. O-O Bg7 5. Nc3 Nc6 6. e4 O-O 7. d3 d6 8. h3 Rb8
9. a4 a6 10. Be3 b5 11. axb5 axb5 12. e5 dxe5 13. Bxc5 b4 14. Ne4 Qc7 15. c3 Rd8
16. Qe2 Nxe4 17. dxe4 bxc3 18. bxc3 Na5 19. Bb4 Nc6 20. Bc5 Na5 21. Bb4 Nc6 22.
Bc5 Na5 1/2-1/2

[Event "FIDE World Rapid Team"]
[Site "London ENG"]
[Date "2025.06.12"]
[Round "6.3"]
[White "Yakubboev, Nodirbek"]
[Black "Steinberg, Nitzan"]
[Result "1-0"]
[WhiteTitle "GM"]
[BlackTitle "GM"]
[WhiteElo "2659"]
[BlackElo "2554"]
[WhiteTeam "Uzbekistan"]
[BlackTeam "Rishon LeZion Chess Club"]
[WhiteFideId "14203987"]
[BlackFideId "2801795"]
[EventDate "2025.06.11"]
[EventType "team"]

1. d4 Nf6 2. c4 e6 3. Nf3 Bb4+ 4. Nbd2 O-O 5. a3 Be7 6. e4 d6 7. Be2 Nfd7 8. Nb1
e5 9. Nc3 a5 10. Be3 Re8 11. d5 Nf6 12. Nd2 h6 13. O-O Nh7 14. b4 Nd7 15. Nb3 b6
16. f3 h5 17. Qc2 h4 18. c5 dxc5 19. bxa5 Bg5 20. Bf2 Nhf6 21. Bb5 Nh5 22. Ne2
Qf6 23. h3 Rd8 24. a4 Nf8 25. axb6 cxb6 26. a5 Ng6 27. axb6 Rb8 28. Nxc5 Rxb6
29. Bc6 Rb8 30. Rfb1 Rxb1+ 31. Rxb1 Ngf4 32. Nxf4 Bxf4 33. Nd3 Qg5 34. Kf1 Ng3+
35. Ke1 Be3 36. Rb8 Nh1 37. Bxe3 Qxe3+ 38. Qe2 Qg1+ 39. Kd2 Ng3 40. Qf2 Qa1 41.
Qb6 Rf8 42. Ra8 Qh1 43. Qf2 Qb1 44. Kc3 f5 45. Qa2 Qb6 46. Qa7 Qb1 47. d6 fxe4
48. Bxe4 Ne2+ 49. Kd2 Nd4 50. Qa2+ Qxa2+ 51. Rxa2 Be6 52. Rb2 Nb3+ 53. Ke3 Rd8
54. Nxe5 Rxd6 55. Kf4 Rd8 56. Nc6 Rf8+ 57. Ke5 Nc5 58. Bg6 Bf7 59. Ne7+ Kh8 60.
Rb4 Bxg6 61. Rxh4+ Bh7 62. Ng6+ Kg8 63. Nxf8 1-0

[Event "FIDE World Rapid Team"]
[Site "London ENG"]
[Date "2025.06.12"]
[Round "6.4"]
[White "Sokolovsky, Yahli"]
[Black "Kasimdzhanov, Rustam"]
[Result "0-1"]
[WhiteTitle "GM"]
[BlackTitle "GM"]
[WhiteElo "2542"]
[BlackElo "2675"]
[WhiteTeam "Rishon LeZion Chess Club"]
[BlackTeam "Uzbekistan"]
[WhiteFideId "2820242"]
[BlackFideId "14200244"]
[EventDate "2025.06.11"]
[EventType "team"]

1. e4 e5 2. Nf3 Nc6 3. Bb5 a6 4. Ba4 Bc5 5. c3 Nge7 6. d4 exd4 7. cxd4 Bb4+ 8.
Bd2 Bxd2+ 9. Nbxd2 d5 10. e5 O-O 11. O-O Bg4 12. h3 Bh5 13. Bxc6 Nxc6 14. Qb3
Rb8 15. Rac1 f6 16. Rc5 Bf7 17. Qe3 Re8 18. Rfc1 Qe7 19. exf6 Qxf6 20. Qd3 Re7
21. b4 Rbe8 22. Rxc6 bxc6 23. Qxa6 Qd6 24. a3 c5 25. Qxd6 cxd6 26. bxc5 dxc5 27.
Rxc5 Ra8 28. Ne5 Rxa3 29. Ndf3 h6 30. Nxf7 Rxf7 31. Rxd5 Ra2 32. Re5 Rb7 33. Re1
Rab2 34. Re8+ Kh7 35. g4 Ra2 36. Rf8 Rbb2 37. Ne5 Rd2 38. h4 Rxd4 39. g5 hxg5
40. hxg5 Re4 41. g6+ Kh6 42. Rf5 Rae2 43. f4 Ra2 44. Kf1 Rb4 45. Ng4+ Kxg6 46.
Rg5+ Kh7 47. Rh5+ Kg8 0-1

[Event "FIDE World Rapid Team"]
[Site "London ENG"]
[Date "2025.06.12"]
[Round "6.5"]
[White "Khamdamova, Afruza"]
[Black "Efroimski, Marsel"]
[Result "0-1"]
[WhiteTitle "WIM"]
[BlackTitle "IM"]
[WhiteElo "2326"]
[BlackElo "2372"]
[WhiteTeam "Uzbekistan"]
[BlackTeam "Rishon LeZion Chess Club"]
[WhiteFideId "14210444"]
[BlackFideId "2810964"]
[EventDate "2025.06.11"]
[EventType "team"]

1. e4 c5 2. Nf3 Nc6 3. d4 cxd4 4. Nxd4 Nf6 5. Nc3 e5 6. Ndb5 d6 7. Nd5 Nxd5 8.
exd5 Nb8 9. a4 Be7 10. Be2 O-O 11. O-O Nd7 12. Be3 a6 13. Na3 f5 14. f4 exf4 15.
Bxf4 Qb6+ 16. Kh1 Qxb2 17. Nc4 Qf6 18. a5 g5 19. Be3 Ne5 20. Nb6 Rb8 21. Bd4 f4
22. c4 Bf5 23. Qb3 Qh6 24. Bxe5 dxe5 25. d6 Bf6 26. c5+ Kh8 27. Bc4 g4 28. Be6
g3 29. h3 Bxe6 30. Qxe6 Rbe8 31. Qd5 e4 32. Rae1 Re5 33. Qc4 Rh5 34. Qe6 Re5 35.
Qg4 f3 36. Nd7 Qd2 37. Rg1 f2 38. Qe2 Qxe2 39. Rxe2 fxg1=Q+ 40. Kxg1 Rxc5 41.
Re1 Bd4+ 42. Kh1 Rd8 43. Nxc5 Bxc5 44. Rxe4 Rxd6 45. Re1 Bb4 46. Rf1 Bxa5 47. h4
Bd2 48. h5 Kg7 49. Rf3 Be1 50. Rf1 Bf2 51. Rc1 Bb6 52. Re1 Rd4 53. h6+ Kf7 54.
Rf1+ Ke7 55. Re1+ Kd7 0-1

[Event "FIDE World Rapid Team"]
[Site "London ENG"]
[Date "2025.06.12"]
[Round "6.6"]
[White "Raiko, Yossi"]
[Black "Imomkuzieva, Nilufarkhon"]
[Result "0-1"]
[BlackTitle "WFM"]
[WhiteElo "1963"]
[BlackElo "2066"]
[WhiteTeam "Rishon LeZion Chess Club"]
[BlackTeam "Uzbekistan"]
[WhiteFideId "2835711"]
[BlackFideId "14216736"]
[EventDate "2025.06.11"]
[EventType "team"]

1. d4 Nf6 2. c4 g6 3. Nc3 d5 4. cxd5 Nxd5 5. e4 Nxc3 6. bxc3 Bg7 7. Bc4 c5 8.
Ne2 Nc6 9. Be3 b6 10. O-O O-O 11. dxc5 Qc7 12. cxb6 axb6 13. Bd5 e6 14. Bxc6
Qxc6 15. Qc2 Ba6 16. f3 Rfd8 17. Rfd1 Rxd1+ 18. Qxd1 Qc4 19. Kf2 f5 20. exf5
exf5 21. Qb3 Re8 22. Nd4 Bf8 23. Rb1 Bc5 24. Re1 Kh8 25. Qxc4 Bxc4 26. Nc2 Rxe3
27. Nxe3 f4 28. g3 fxe3+ 29. Kg2 e2 0-1

[Event "FIDE World Rapid Team"]
[Site "London ENG"]
[Date "2025.06.12"]
[Round "6.1"]
[White "Nihal, Sarin"]
[Black "Mamedyarov, Shakhriyar"]
[Result "1-0"]
[WhiteTitle "GM"]
[BlackTitle "GM"]
[WhiteElo "2696"]
[BlackElo "2746"]
[WhiteTeam "Ashdod Elit Chess Club"]
[BlackTeam "Generation XYZA"]
[WhiteFideId "25092340"]
[BlackFideId "13401319"]
[EventDate "2025.06.11"]
[EventType "team"]

1. Nf3 d5 2. g3 b6 3. Bg2 Bb7 4. O-O Nf6 5. d4 e6 6. Ne5 Be7 7. c4 O-O 8. Nc3
Nbd7 9. cxd5 Nxe5 10. d6 Nc6 11. dxe7 Qxe7 12. Bg5 h6 13. Bxf6 Qxf6 14. Qa4 Na5
15. Bxb7 Nxb7 16. Rfd1 Qe7 17. Rd2 Rfd8 18. Rad1 Qd7 19. Qc2 c6 20. e4 Rac8 21.
h4 Nd6 22. b3 Qe7 23. Qd3 c5 24. e5 Ne8 25. d5 exd5 26. Nxd5 Qxe5 27. Re2 Qh5
28. Rdd2 Kh8 29. Qa6 Ra8 30. Qa4 Rxd5 31. g4 Qe5 32. Rxe5 Rxe5 33. Qc6 Rb8 34.
Rd7 Nf6 35. Rxf7 Rbe8 36. Rxf6 gxf6 37. Qxf6+ Kh7 38. Qf7+ Kh8 39. Qxa7 Re4 40.
Qxb6 Rxg4+ 41. Kf1 Kh7 42. Qc7+ Rg7 43. Qxc5 Rf7 44. a4 1-0

[Event "FIDE World Rapid Team"]
[Site "London ENG"]
[Date "2025.06.12"]
[Round "6.2"]
[White "Gurel, Ediz"]
[Black "Eljanov, Pavel"]
[Result "1-0"]
[WhiteTitle "GM"]
[BlackTitle "GM"]
[WhiteElo "2636"]
[BlackElo "2669"]
[WhiteTeam "Generation XYZA"]
[BlackTeam "Ashdod Elit Chess Club"]
[WhiteFideId "44507356"]
[BlackFideId "14102951"]
[EventDate "2025.06.11"]
[EventType "team"]

1. Nf3 d5 2. b3 Bf5 3. Bb2 e6 4. e3 Nd7 5. Be2 h6 6. O-O Ngf6 7. c4 c6 8. d3 Bh7
9. Nbd2 Qc7 10. Rc1 Bd6 11. Rc2 Nc5 12. Nb1 Ncd7 13. Nbd2 Nc5 14. Nb1 Ncd7 15.
Nc3 a6 16. Qa1 O-O 17. h3 Rfe8 18. cxd5 exd5 19. Rd1 Ne5 20. Na4 Nfd7 21. Bd4
Re7 22. Nxe5 Bxe5 23. b4 Bxd4 24. Qxd4 Qe5 25. Qxe5 Nxe5 26. Nc5 a5 27. bxa5
Rxa5 28. Rb1 Ra7 29. Rcb2 g5 30. a4 Nd7 31. Nxb7 Rxa4 32. Rc1 Ne5 33. d4 Nc4 34.
Bxc4 Rxc4 35. Ra1 Kg7 36. Nc5 h5 37. Rb6 Rc7 38. g4 h4 39. Rb8 Rc2 40. Re8 Bg6
41. Raa8 Bh7 42. Kg2 Rb2 43. Re5 Kh6 44. Ree8 Kg7 45. Red8 Re7 46. Re8 Rxe8 47.
Rxe8 Bb1 48. Rc8 Ba2 49. Rxc6 Bc4 50. Rd6 Rb1 51. Nd7 Bf1+ 52. Kh2 Rb2 53. Rxd5
Rxf2+ 54. Kg1 Rf3 55. Rxg5+ Kh6 56. Rh5+ Kg7 57. Ne5 Rf6 58. Rxh4 Be2 59. g5 Rf5
60. Rf4 Rxg5+ 61. Kf2 Bh5 62. h4 1-0

[Event "FIDE World Rapid Team"]
[Site "London ENG"]
[Date "2025.06.12"]
[Round "6.3"]
[White "Gledura, Benjamin"]
[Black "Erdogmus, Yagiz Kaan"]
[Result "1-0"]
[WhiteTitle "GM"]
[BlackTitle "GM"]
[WhiteElo "2668"]
[BlackElo "2626"]
[WhiteTeam "Ashdod Elit Chess Club"]
[BlackTeam "Generation XYZA"]
[WhiteFideId "712779"]
[BlackFideId "44599790"]
[EventDate "2025.06.11"]
[EventType "team"]

1. d4 Nf6 2. c4 b6 3. Nc3 Bb7 4. Qc2 Nc6 5. Nf3 Nb4 6. Qd1 Ne4 7. Bd2 e6 8. a3
Nxd2 9. Qxd2 Nc6 10. e4 Ne7 11. h4 h5 12. O-O-O g6 13. Kb1 Bh6 14. Qc2 d6 15. g3
O-O 16. Bh3 c5 17. d5 e5 18. g4 hxg4 19. Bxg4 Kg7 20. Rdg1 Ng8 21. h5 g5 22. Ne2
f6 23. Be6 Kh8 24. Ng3 Ne7 25. Nh2 Bc8 26. Ng4 Kh7 27. f4 gxf4 28. Nxh6 Bxe6 29.
dxe6 fxg3 30. Nf7 Qc8 31. Qd2 Ng8 32. Qxd6 Qb7 33. Qd5 Qc7 34. Qd1 Nh6 35. Nxh6
Kxh6 36. Rxg3 Qc6 37. Rg6+ Kh7 38. Qg4 f5 39. Rh6+ 1-0

[Event "FIDE World Rapid Team"]
[Site "London ENG"]
[Date "2025.06.12"]
[Round "6.4"]
[White "Salimova, Nurgyul"]
[Black "Moiseenko, Alexander"]
[Result "1/2-1/2"]
[WhiteTitle "IM"]
[BlackTitle "GM"]
[WhiteElo "2385"]
[BlackElo "2568"]
[WhiteTeam "Generation XYZA"]
[BlackTeam "Ashdod Elit Chess Club"]
[WhiteFideId "2915138"]
[BlackFideId "14102560"]
[EventDate "2025.06.11"]
[EventType "team"]

1. d4 Nf6 2. Nf3 d5 3. c4 e6 4. Nc3 Bb4 5. Bg5 Nbd7 6. cxd5 exd5 7. e3 c5 8. Bd3
c4 9. Bc2 Qa5 10. O-O Bxc3 11. bxc3 Qxc3 12. Rc1 Qa3 13. Ne5 O-O 14. Qf3 Nxe5
15. dxe5 Ne4 16. Bxe4 dxe4 17. Qg3 Bf5 18. h4 h5 19. Rxc4 Rac8 20. Rd4 Qxa2 21.
Rd6 Qe2 22. Ra1 Rc2 23. Qf4 Qg4 24. Qxg4 hxg4 25. Rxa7 Rb2 26. Kh2 Rc8 27. Rd8+
Rxd8 28. Bxd8 Kh7 29. Kg3 Kg6 30. Be7 Be6 31. Bf8 b5 32. h5+ Kh6 33. Rb7 Rb1 34.
Kf4 Rg1 35. Kg3 Rb1 36. Kf4 Rg1 37. Kg3 Bc4 38. e6 fxe6 39. Rxg7 Kxh5 40. Be7
Kh6 41. Rxg4 Bd5 42. Kf4 Rf1 43. Kg3 Rh1 44. Rg8 Kh7 45. Rb8 Rb1 46. Kf4 Kg6 47.
g4 Rb2 48. Kg3 Rb1 49. Bd6 Kf6 50. Rf8+ Kg7 51. Rb8 Kf6 52. Rf8+ Kg7 53. Rb8 1/2-1/2

[Event "FIDE World Rapid Team"]
[Site "London ENG"]
[Date "2025.06.12"]
[Round "6.5"]
[White "Osmak, Yuliia"]
[Black "Kuru, Atilla"]
[Result "0-1"]
[WhiteTitle "IM"]
[BlackTitle "IM"]
[WhiteElo "2468"]
[BlackElo "2428"]
[WhiteTeam "Ashdod Elit Chess Club"]
[BlackTeam "Generation XYZA"]
[WhiteFideId "14101602"]
[BlackFideId "51607948"]
[EventDate "2025.06.11"]
[EventType "team"]

1. e4 d6 2. d4 Nf6 3. Nc3 e5 4. dxe5 dxe5 5. Qxd8+ Kxd8 6. Bc4 Ke8 7. f3 c6 8.
Be3 Nbd7 9. a4 a5 10. Nh3 Bc5 11. Bxc5 Nxc5 12. Nf2 h5 13. h4 Be6 14. Bxe6 Nxe6
15. Nd3 Nd7 16. Nd1 f6 17. Ne3 g6 18. c3 Ke7 19. g3 Rhd8 20. Ke2 Ndc5 21. Nxc5
Nxc5 22. Nc4 Ke6 23. Rhd1 Rxd1 24. Kxd1 f5 25. exf5+ gxf5 26. Ke2 e4 27. Rd1 Nd3
28. fxe4 fxe4 29. Ke3 Rf8 30. Rg1 b5 31. axb5 cxb5 32. Nxa5 Kd5 33. b3 Rf3+ 34.
Ke2 Ne5 35. Rd1+ Nd3 36. Rg1 Rf2+ 37. Ke3 Rf3+ 38. Ke2 Ne5 39. Rd1+ Ke6 40. c4
bxc4 41. Nxc4 Nd3 42. Rg1 Kd5 43. Nd2 Rf8 44. Ke3 Ne5 45. Ra1 Ng4+ 46. Ke2 Rf2+
47. Ke1 e3 48. Nf1 Ke4 49. Ra8 Rb2 50. Re8+ Kf3 51. Rf8+ Ke4 52. Re8+ Kf3 53.
Rf8+ Kg2 54. Rf4 Rxb3 55. Ke2 Rb2+ 56. Ke1 Ra2 57. Rf8 Kg1 58. Rf4 Rf2 59. Rxf2
exf2+ 60. Ke2 Kg2 61. Nd2 Nh2 62. g4 Nf3 63. gxh5 Nxd2 0-1

[Event "FIDE World Rapid Team"]
[Site "London ENG"]
[Date "2025.06.12"]
[Round "6.6"]
[White "Yontar, Sabrican Onay"]
[Black "Sailaubay, Aldiyar"]
[Result "1-0"]
[WhiteElo "1941"]
[BlackElo "1910"]
[WhiteTeam "Generation XYZA"]
[BlackTeam "Ashdod Elit Chess Club"]
[WhiteFideId "6373623"]
[BlackFideId "13729357"]
[EventDate "2025.06.11"]
[EventType "team"]

1. e4 c5 2. b3 Nc6 3. Bb2 e5 4. f4 d6 5. Bb5 Qc7 6. Nf3 a6 7. Bxc6+ Qxc6 8. O-O
f6 9. fxe5 dxe5 10. Nxe5 fxe5 11. Qh5+ Qg6 12. Qxe5+ Be6 13. Nc3 Be7 14. Nd5
Bxd5 15. exd5 O-O-O 16. Qxg7 Qe4 17. Rae1 Qxc2 18. Qg4+ Kb8 19. Bxh8 Qxd2 20.
Qf4+ Qxf4 21. Rxf4 Rxd5 22. Rf7 Ka7 23. Rexe7 Nxe7 24. Rxe7 Rd2 25. Rc7 Kb6 26.
Rxh7 Rxa2 27. g4 1-0

[Event "FIDE World Rapid Team"]
[Site "London ENG"]
[Date "2025.06.12"]
[Round "6.1"]
[White "Oro, Faustino"]
[Black "Aronian, Levon"]
[Result "0-1"]
[WhiteTitle "IM"]
[BlackTitle "GM"]
[WhiteElo "2465"]
[BlackElo "2742"]
[WhiteTeam "Turkish Airlines Sports Club"]
[BlackTeam "Hexamind Chess Team"]
[WhiteFideId "20000197"]
[BlackFideId "13300474"]
[EventDate "2025.06.11"]
[EventType "team"]

1. d4 Nf6 2. c4 e6 3. Nf3 b6 4. a3 Bb7 5. Nc3 d5 6. cxd5 Nxd5 7. e3 g6 8. Bb5+
c6 9. Be2 Bg7 10. O-O O-O 11. Bd2 Nd7 12. Nxd5 exd5 13. b4 b5 14. Ne1 Nb6 15.
Nd3 Rc8 16. Nc5 Rc7 17. a4 a6 18. axb5 axb5 19. Bd3 Bc8 20. h3 Qf6 21. Bc3 Re8
22. Re1 h5 23. Ra2 Qg5 24. Qf3 f5 25. Rea1 h4 26. Ra7 Qe7 27. Rxc7 Qxc7 28. Bc2
Nc4 29. Nd3 Be6 30. Bb3 Bf6 31. Qe2 Kg7 32. f4 Qb7 33. Nc5 Qe7 34. Ra6 Bc8 35.
Rxc6 Qxe3+ 36. Qxe3 Rxe3 37. Bxc4 dxc4 38. Bb2 c3 39. Bxc3 Rxc3 40. Rxc8 Bxd4+
41. Kf1 Kh6 42. Rc7 Rc4 43. Na6 Be3 44. Rxc4 bxc4 45. Ke2 Bxf4 46. b5 Kg5 47. b6
Bd6 48. Ke3 c3 49. Kd3 Kf4 50. Kxc3 Kg3 51. Kc4 Kxg2 52. Kd5 Bg3 53. b7 Kxh3 54.
Kc6 Kg2 55. Nc7 h3 56. b8=Q h2 57. Qb2+ Bf2 58. Qf6 h1=Q 59. Qxg6+ Kf1+ 60. Nd5
Qe4 61. Kd6 Qc2 62. Qg5 Bc5+ 63. Kd7 Qa4+ 64. Kc7 Qc2 65. Kd7 Bf2 66. Ne7 Qa4+
67. Ke6 f4 68. Qf5 Qb3+ 69. Nd5 f3 70. Ke5 Bg3+ 71. Kd4 Qb2+ 72. Kc4 Qe2+ 73.
Kd4 Bf2+ 74. Kc3 Be1+ 75. Kd4 Qd2+ 76. Kc4 Qa2+ 77. Kd4 Qd2+ 78. Kc4 Qe2+ 79.
Kd4 Bd2 80. Qh5 Kg1 81. Qg6+ Qg2 82. Qb1+ Kh2 83. Qh7+ Qh3 84. Qc7+ Kg1 85. Qc2
f2 86. Qxd2 f1=Q 87. Qg5+ Kh1 88. Ne3 Qa1+ 89. Kd3 Qa3+ 90. Ke2 Qh2+ 91. Kf3
Qa8+ 92. Nd5 Qxd5+ 0-1

[Event "FIDE World Rapid Team"]
[Site "London ENG"]
[Date "2025.06.12"]
[Round "6.2"]
[White "Murzin, Volodar"]
[Black "Ahmad, Khagan"]
[Result "1-0"]
[WhiteTitle "GM"]
[BlackTitle "IM"]
[WhiteElo "2666"]
[BlackElo "2394"]
[WhiteTeam "Hexamind Chess Team"]
[BlackTeam "Turkish Airlines Sports Club"]
[WhiteFideId "44155573"]
[BlackFideId "13431552"]
[EventDate "2025.06.11"]
[EventType "team"]

1. Nf3 d5 2. g3 Nd7 3. Bg2 e5 4. d3 Ngf6 5. O-O Be7 6. Qe1 O-O 7. e4 dxe4 8.
dxe4 c6 9. Qe2 Qc7 10. Nbd2 a5 11. Re1 a4 12. Nh4 g6 13. Nf1 Re8 14. h3 b5 15.
Bg5 Nc5 16. Nd2 b4 17. Nhf3 Ba6 18. Qe3 Ne6 19. Bxf6 Bxf6 20. Bf1 Bxf1 21. Rxf1
c5 22. Nc4 Red8 23. c3 h5 24. h4 bxc3 25. bxc3 Kg7 26. Rad1 Nf8 27. Qe2 Nd7 28.
Ne3 Nb6 29. Rb1 Qc6 30. c4 Rab8 31. Nd5 Nxd5 32. cxd5 Qd6 33. Nd2 Rb4 34. a3
Rxb1 35. Rxb1 Rb8 36. Rxb8 Qxb8 37. Qd3 Be7 38. Nc4 Qb5 39. Kf1 f6 40. Ke2 Bd8
41. Qc2 Kf8 42. Kd3 f5 43. Ke2 Bc7 44. exf5 gxf5 45. Qxf5+ Ke7 46. Qe6+ Kf8 47.
Qc8+ 1-0

[Event "FIDE World Rapid Team"]
[Site "London ENG"]
[Date "2025.06.12"]
[Round "6.3"]
[White "Lu, Miaoyi"]
[Black "Dominguez Perez, Leinier"]
[Result "0-1"]
[WhiteTitle "IM"]
[BlackTitle "GM"]
[WhiteElo "2452"]
[BlackElo "2738"]
[WhiteTeam "Turkish Airlines Sports Club"]
[BlackTeam "Hexamind Chess Team"]
[WhiteFideId "8618020"]
[BlackFideId "3503240"]
[EventDate "2025.06.11"]
[EventType "team"]

1. e4 c5 2. Nf3 d6 3. Nc3 Nf6 4. Be2 a6 5. a4 Nc6 6. d4 cxd4 7. Nxd4 g6 8. Be3
Bg7 9. O-O O-O 10. Qd2 Bd7 11. Nb3 Na5 12. f3 Rc8 13. Nxa5 Qxa5 14. Rfd1 Rfe8
15. Bf1 h5 16. Qf2 Qb4 17. Bd4 e5 18. Na2 Qxa4 19. b3 Qc6 20. Nb4 Qc7 21. Be3
Be6 22. c4 Bf8 23. Bb6 Qb8 24. Ba7 Qc7 25. Bb6 Qe7 26. Ra5 Bh6 27. Qe2 Nd7 28.
Bf2 Nc5 29. Bxc5 dxc5 30. Nd5 Bxd5 31. Rxd5 Red8 32. Ra1 Rxd5 33. exd5 h4 34.
Re1 Re8 35. Qf2 b6 36. Bd3 Bf4 37. Qa2 Qg5 38. Qxa6 Bxh2+ 39. Kh1 Bf4 40. Ra1
Qg3 41. Kg1 Be3+ 42. Kh1 h3 43. Qa2 Kg7 0-1

[Event "FIDE World Rapid Team"]
[Site "London ENG"]
[Date "2025.06.12"]
[Round "6.4"]
[White "Giri, Anish"]
[Black "Xu, Yuanyuan"]
[Result "1/2-1/2"]
[WhiteTitle "GM"]
[BlackTitle "WGM"]
[WhiteElo "2748"]
[BlackElo "2300"]
[WhiteTeam "Hexamind Chess Team"]
[BlackTeam "Turkish Airlines Sports Club"]
[WhiteFideId "24116068"]
[BlackFideId "8601089"]
[EventDate "2025.06.11"]
[EventType "team"]

1. Nf3 d5 2. g3 Nf6 3. Bg2 g6 4. c4 c6 5. b3 Bg7 6. Bb2 O-O 7. O-O Nbd7 8. a4
Re8 9. d4 a5 10. Nc3 b6 11. Ne5 Bb7 12. e3 Rc8 13. f4 e6 14. g4 Nb8 15. g5 Nfd7
16. h4 h5 17. gxh6 Bxh6 18. h5 Nxe5 19. dxe5 g5 20. Qg4 Nd7 21. Rad1 Qe7 22. Ne2
Kh8 23. f5 Rcd8 24. Nd4 Kh7 25. Nf3 Rg8 26. cxd5 cxd5 27. Rf2 Nc5 28. Nd4 Rdf8
29. Ba3 Bc8 30. Rdf1 exf5 31. Rxf5 Qxe5 32. Rxf7+ Rg7 33. Rxg7+ Bxg7 34. Qe2 Ba6
35. Nb5 Rxf1+ 36. Bxf1 Qg3+ 37. Bg2 Be5 38. Bxc5 bxc5 39. Kf1 Kh6 40. Qd3 Kxh5
41. Qh7+ Kg4 42. Qd7+ Kh4 43. Qh7+ Kg4 44. Qd7+ Kh4 1/2-1/2

[Event "FIDE World Rapid Team"]
[Site "London ENG"]
[Date "2025.06.12"]
[Round "6.5"]
[White "Lohia, Sohum"]
[Black "Divya, Deshmukh"]
[Result "1/2-1/2"]
[WhiteTitle "FM"]
[BlackTitle "IM"]
[WhiteElo "2364"]
[BlackElo "2463"]
[WhiteTeam "Turkish Airlines Sports Club"]
[BlackTeam "Hexamind Chess Team"]
[WhiteFideId "5819369"]
[BlackFideId "35006916"]
[EventDate "2025.06.11"]
[EventType "team"]

1. e4 c6 2. d4 d5 3. exd5 cxd5 4. Bd3 Nc6 5. c3 Qc7 6. Ne2 e5 7. dxe5 Nxe5 8.
Bb5+ Bd7 9. Bxd7+ Qxd7 10. O-O Nf6 11. Nd4 Bd6 12. Nd2 O-O 13. N2f3 Rfe8 14.
Nxe5 Bxe5 15. Nf3 Bc7 16. Be3 Ng4 17. Bd4 Qd6 18. g3 a5 19. Qd3 Re7 20. Rae1
Rae8 21. Rxe7 Rxe7 22. Re1 Rxe1+ 23. Nxe1 Qe6 24. Nf3 Qe4 25. Qxe4 dxe4 26. Ng5
f5 27. Ne6 Be5 28. h3 Bxd4 29. hxg4 Bb6 30. gxf5 h6 31. Nf4 e3 32. Kg2 exf2 33.
Nd5 Ba7 34. b4 axb4 35. cxb4 Kf7 36. b5 Bd4 37. a4 b6 38. Nf4 Kf6 39. g4 Ke5 40.
Ne6 Bc3 41. Nxg7 Kf4 42. f6 Bxf6 43. Nh5+ Ke3 44. Ng3 Be5 45. Nh1 f1=Q+ 46. Kxf1
Kf3 47. Nf2 Bd4 48. Nd3 Kxg4 49. Kg2 h5 50. Nb4 Kf4 51. Nd5+ Ke4 52. Nxb6 Bxb6
53. a5 Bxa5 54. b6 Bxb6 55. Kh1 1/2-1/2

[Event "FIDE World Rapid Team"]
[Site "London ENG"]
[Date "2025.06.12"]
[Round "6.1"]
[White "Harvey, Marcus R"]
[Black "Pichot, Alan"]
[Result "0-1"]
[WhiteTitle "IM"]
[BlackTitle "GM"]
[WhiteElo "2445"]
[BlackElo "2588"]
[WhiteTeam "Wood Green"]
[BlackTeam "Duobeniajan Costa Calida ESJ"]
[WhiteFideId "400092"]
[BlackFideId "110973"]
[EventDate "2025.06.11"]
[EventType "team"]

1. c4 Nf6 2. Nf3 e6 3. e3 d5 4. Nc3 Bd6 5. Qc2 O-O 6. cxd5 exd5 7. Nb5 Nc6 8.
Nxd6 Qxd6 9. a3 Bg4 10. d3 Bxf3 11. gxf3 a5 12. d4 Rfe8 13. Be2 Nh5 14. Kf1 Nf4
15. Bd1 Nxd4 16. Qc3 Qa6+ 17. Ke1 Nfe2 0-1

[Event "FIDE World Rapid Team"]
[Site "London ENG"]
[Date "2025.06.12"]
[Round "6.2"]
[White "Ibarra Jerez, Jose Carlos"]
[Black "Wadsworth, Matthew J"]
[Result "1-0"]
[WhiteTitle "GM"]
[BlackTitle "IM"]
[WhiteElo "2545"]
[BlackElo "2481"]
[WhiteTeam "Duobeniajan Costa Calida ESJ"]
[BlackTeam "Wood Green"]
[WhiteFideId "2226332"]
[BlackFideId "415804"]
[EventDate "2025.06.11"]
[EventType "team"]

1. e4 e6 2. d4 d5 3. Nc3 Bb4 4. Ne2 Nf6 5. e5 Nfd7 6. a3 Be7 7. f4 f6 8. exf6
Nxf6 9. Be3 O-O 10. g3 b6 11. Bg2 c5 12. O-O Nc6 13. h3 Ba6 14. Re1 Rc8 15. Bf2
Qd7 16. dxc5 bxc5 17. f5 d4 18. fxe6 Qd6 19. Ne4 Nxe4 20. Bxe4 Bg5 21. Nc3 Rxf2
22. Kxf2 Qf8+ 23. Kg2 dxc3 24. Qh5 Bh6 25. Bxc6 Qe7 26. Qf7+ Qxf7 27. exf7+ Kxf7
28. Bd5+ Kf8 29. bxc3 Bd2 30. Re6 Bxc3 31. Rb1 Rd8 32. Rxa6 Rxd5 33. Rxa7 Rd8
34. a4 h5 35. Rb3 Bd4 36. Rab7 Be5 37. a5 Rd2+ 38. Kf3 Rxc2 39. a6 Ra2 40. a7 c4
41. Rb8+ Kf7 42. R3b7+ 1-0